000 00754cam a2200265 a 4500
999 _c843
_d843
001 (Sirsi) a948747
003 OSt
005 20191223112239.0
008 060505r20112005enkb d 000 1 eng
020 _a9780552552110
_q(pbk.) :
020 _a0552552119
_q(pbk.) :
040 _aNFN
_beng
_cTAE
042 _anbic
082 _aFIC PAO
100 1 _aPaolini, Christopher.
_eauthor
245 1 0 _aEldest /
_cChristopher Paolini.
260 _aLondon :
_bCorgi Children's,
_c2011.
300 _axvii, 681 p. :
_bmap ;
_c20 cm.
490 0 _aInheritance cycle ;
_vbk. 2.
500 _aOriginally published: London: Doubleday, 2005.
521 1 _a13-18.
650 0 _aDragons
_vJuvenile fiction.
650 0 _aYoung adult fiction.
942 _2ddc
_cFIC